00710nam a22002537a 4500003000200000005001700002008000200019010001300021020002200034020002200056035002400078037001600102040001500118082001600133100001800149245006500167250001100232260005400243270004500297300002400342500002000366650003400386650003600420020180703144118.00 aA-935965 c00.00a8120003594 c00.00a8120003608 aA-935965, A-935970  bCen Lib/Ret aDPLbENc0 a796.07bKAM aKamlesh, M.L. aPsychology in physical education and sport /cby M.L.Kamlesh a3rd ed aNew DelhibMetropolitan Books Co. Pvt. Ltd c1998 a1,Netaji Subhash MargbNew Delhie110002 axvi,447p.c21cm(Hb) aIncludes index. aSports--Psychological aspects aPhysical education and training